000 01104cam a22003494i 4500
003 PE-LiUPU
005 20250731184107.0
008 150616s1972 sp a r 000 0 d
040 _aPE-LiUPU
_bspa
_cPE-LiUPU
_erda
082 0 4 _a808.06
_bBBS
_220
100 1 _aDefoe, Daniel,
_d1660-1731,
_eautor.
245 1 0 _aRobinson Crusoe /
_cDaniel Defoe.
264 1 _aNavarra, España :
_bSalvat Editores,
_c1970.
300 _a225 páginas ;
_c19 cm.
336 _atext
_2rdacontent
337 _aunmediated
_2rdamedia
338 _avolume
_2rdacarrier
490 0 _aBiblioteca Basica Salvat. Libros RTV ;
_v23
505 0 _aObra completa de Robinson Crusoe.
526 _aP145
526 _aP127
526 _aP97
526 _aP14
526 _aP07
650 0 4 _aNovelas de aventuras.
650 0 4 _aNovelas inglesas
_ySiglo XVIII.
942 _2ddc
_cBK
999 _c38728
_d38728
980 _81
_gALBERTO SANCHEZ Responsable de Automatización